Stochastický prístup k výpočtu poistného s využitím opcií a garancií diplomová práca

Guardado en:
Detalles Bibliográficos
Autor principal: Chnápková, Henrieta
Autor Corporativo: Fakulta hospodárskej informatiky EU. Katedra matematiky a aktuárstva
Otros Autores: Šoltésová, Tatiana, 1975-
Formato: Libro
Lenguaje:eslovaco
Publicado: Bratislava 2022
Etiquetas: Agregar Etiqueta
Sin Etiquetas, Sea el primero en etiquetar este registro!

MARC

LEADER 00000nbm a2200000 4500
001 0284391
005 20221215101822.2
041 0 |a slo 
044 |a SK 
245 1 0 |a Stochastický prístup k výpočtu poistného s využitím opcií a garancií  |b diplomová práca  |c Henrieta Chnápková ; školiteľ: Tatiana Šoltésová 
264 1 |a Bratislava  |c 2022 
300 |a 75 s. 
100 1 |a Chnápková, Henrieta 
700 1 |a Šoltésová, Tatiana, 1975- 
710 2 |a Fakulta hospodárskej informatiky EU. Katedra matematiky a aktuárstva